Pre svojich spoluobčanov

Bibliographic Details
Main Author: Grumel, Ján (Author)
Format: Article
Language:Slovak
Subjects:

MARC

LEADER 00000nab a2200000 a 4500
001 vtls000121355
003 SK-MaSNL
005 20260303032720.0
008 111104c1982 xo 0 slo
015 |a SNBRB19rr/mm-uuuuu 
035 |a CL0131460 
040 |a SNKBUCL  |b slo  |c SNKBUCL  |e AACR2 
041 0 |a slo 
044 |a xo  |c SK 
080 |a 352  |2 1981 
100 1 |a Grumel, Ján  |4 aut  |9 1006047 
245 1 0 |a Pre svojich spoluobčanov  |c Ján Grumel 
650 0 7 |a výbory národné miestne  |2 snkbucl  |9 554933 
651 7 |a 5413  |2 snkbucl  |9 376029 
655 7 |a články z novín a časopisov  |2 snkbucl  |9 267496 
773 0 |t Život strany  |g Č. 11 (1982), s. 28-29 
850 |a Slovenská národná knižnica v Martine  |a MTA001 
852 |a SNK  |b KIS3GCP 
958 |a RK 
992 |a RBX 
999 |c 1666310  |d 1668240